Statistics for Random Trivia Quiz by Pictures #5

Click here to take the quiz!

General Stats

  • This quiz has been taken 12 times
  • The average score is 4 of 20

Answer Stats

Answer% Correct
Haiti
73%
Kamal
64%
Nebula
55%
Green Pheasant
45%
David Suchet
36%
Pho
36%
Olof Palme
27%
Tang
27%
Babeldaob
18%
Torino
18%
Judith
9%
Likud
9%
Maya Angelou
9%
Valentina Tereshkova
9%
Barber of Seville
0%
Château Noir
0%
Khoisan
0%
Marquis de Lafayette
0%
Sophie Germain
0%
Syngman Rhee
0%

Score Distribution

Percentile by Number Answered

Percent of People with Each Score

Your Score History

You have not taken this quiz